[Event "66. Offene Kölner Stadtmeisterschaft"]
[Site "Köln"]
[Date "2026.05.16"]
[Round "6.2"]
[White "Menzel, Maximilian"]
[Black "Wiekert, Martin"]
[Result "1/2-1/2"]
[WhiteElo "2150"]
[BlackElo "2136"]
[PlyCount "117"]
[WhiteTeam "SG Porz e. V."]
[BlackTeam "Kölner SK Dr. Lasker 186"]

1. d4 e6 2. Nf3 Nf6 3. c4 d5 4. g3 Be7 5. Bg2 O-O 6. Nc3 Nbd7 7. Qd3 c6 8. O-O
b6 9. b3 a5 10. Rd1 Ba6 11. a4 Bb4 12. Bb2 Rc8 13. Nd2 Re8 14. e4 Nf8 15. Rac1
Ng6 16. Qb1 Rc7 17. h4 h6 18. Bf3 e5 19. exd5 exd4 20. Nce4 Ne5 21. Bg2 Bxd2
22. Rxd2 c5 23. Re1 Nxe4 24. Bxe4 Rce7 25. Rde2 Bc8 26. f4 Ng4 27. Bc1 Nf6 28.
Bf3 Rxe2 29. Rxe2 Rxe2 30. Bxe2 Qe7 31. Qc2 Bg4 32. Kf1 Bh3+ 33. Kg1 g6 34. Qd1
Qe4 35. Bf3 Qf5 36. Bd2 Bg4 37. Be1 h5 38. Bf2 Kf8 39. Bxg4 Nxg4 40. Qe2 Nf6
41. Kg2 Qe4+ 42. Qf3 Ke7 43. Bg1 d3 44. Be3 Kd6 45. Qxe4 Nxe4 46. Kf3 f5 47.
Bg1 Nxg3 48. Ke3 Ne2 49. Bh2 Nc1 50. Bg1 Nxb3 51. Kxd3 Nc1+ 52. Kd2 Na2 53. Bf2
Nb4 54. Be1 Kd7 55. Kc3 Ke7 56. Kd2 Na6 57. Kd3 Nb8 58. Bc3 Nd7 59. Ke3 1/2-1/2

[Event "66. Offene Kölner Stadtmeisterschaft"]
[Site "Köln"]
[Date "2026.05.16"]
[Round "6.3"]
[White "Arts, Stefan"]
[Black "Balduan, Markus"]
[Result "1-0"]
[WhiteElo "2099"]
[BlackElo "2233"]
[PlyCount "121"]
[WhiteTeam "Uedemer SC 1948 e. V."]
[BlackTeam "DJK Aufwärts St. Josef Aachen 19"]

1. d4 d5 2. Nf3 Nf6 3. e3 c5 4. Nbd2 cxd4 5. exd4 Nc6 6. c3 Bf5 7. Ne5 Qb6 8.
Bd3 Bxd3 9. Nxd3 e6 10. Nf3 Bd6 11. Qe2 Qc7 12. Nfe5 Bxe5 13. dxe5 Nd7 14. O-O
Ne7 15. Be3 Nf5 16. a4 Qc4 17. Rfe1 O-O 18. a5 Rfc8 19. Qd1 Nxe3 20. Rxe3 Nc5
21. Nxc5 Qxc5 22. Rh3 Qf8 23. Qd3 g6 24. Rh4 Rc5 25. Qh3 Qg7 26. Qe3 Rac8 27.
Rb4 R5c7 28. Qxa7 Qxe5 29. Rxb7 Rxb7 30. Qxb7 Rb8 31. Qc6 Rxb2 32. h3 Qb8 33.
Qc5 Rb5 34. Qe3 Rb7 35. a6 Ra7 36. Qc5 Qa8 37. Qb6 e5 38. Ra4 Kg7 39. Ra5 h6
40. Kh1 e4 41. Rxd5 Qxd5 42. Qxa7 Qd1+ 43. Kh2 Qd6+ 44. g3 e3 45. Qxe3 Qxa6 46.
Qd4+ Kg8 47. c4 Qa4 48. Kg2 h5 49. Qd5 Qb3 50. Qd8+ Kg7 51. c5 Qb7+ 52. Kg1 Qe4
53. Qd2 Kf6 54. Qc3+ Qe5 55. Qf3+ Ke6 56. Qc6+ Ke7 57. Qb7+ Ke6 58. Qb6+ Kd5
59. c6 Qd6 60. Qb5+ Ke6 61. Qc4+ 1-0

[Event "66. Offene Kölner Stadtmeisterschaft"]
[Site "Köln"]
[Date "2026.05.16"]
[Round "6.4"]
[White "Jügel, Marcel"]
[Black "Gramb, Marius"]
[Result "0-1"]
[WhiteElo "2099"]
[BlackElo "2223"]
[PlyCount "100"]
[WhiteTeam "DJK Aufwärts St. Josef Aachen 19"]
[BlackTeam "Brühler SK 1920 e. V."]

1. d4 Nf6 2. Nc3 d5 3. Bf4 a6 4. e3 c5 5. dxc5 Qa5 6. Qd2 Qxc5 7. Bd3 e6 8. Nf3
Be7 9. h4 Nbd7 10. a3 b5 11. h5 h6 12. Ne5 Bb7 13. b4 Qb6 14. f3 Bd6 15. Nxd7
Nxd7 16. Bxd6 Qxd6 17. Kf2 O-O 18. Ne2 e5 19. Ng3 Nf6 20. Rad1 Qb6 21. Rh4 Rfd8
22. Bf5 Bc8 23. Qc3 Bxf5 24. Nxf5 Qe6 25. g4 Rac8 26. Qb2 Rc4 27. e4 Rdc8 28.
Rd2 dxe4 29. Nd6 e3+ 30. Kxe3 Nd5+ 31. Rxd5 Qxd5 32. Nxc8 Rxc8 33. Rh2 e4 34.
f4 Qd1 35. Re2 Qg1+ 36. Rf2 Qe1+ 37. Re2 Rc3+ 38. Kd4 Rc4+ 39. Ke3 Qg1+ 40. Kd2
Qxg4 41. Qe5 Rxc2+ 42. Kxc2 Qxe2+ 43. Kc1 Qc4+ 44. Kd2 Qd3+ 45. Kc1 Qxa3+ 46.
Kc2 Qa2+ 47. Kc1 Qc4+ 48. Kd1 Qd3+ 49. Kc1 e3 50. Kb2 e2 0-1

[Event "66. Offene Kölner Stadtmeisterschaft"]
[Site "Köln"]
[Date "2026.05.16"]
[Round "6.5"]
[White "Wambecq, Ward"]
[Black "Keller, Thomas"]
[Result "1/2-1/2"]
[WhiteElo "2076"]
[BlackElo "2176"]
[PlyCount "30"]
[BlackTeam "Brühler SK 1920 e. V."]

1. e4 e5 2. Nf3 Nf6 3. d4 Nxe4 4. Bd3 d5 5. Nxe5 Nd7 6. Nxd7 Bxd7 7. O-O Bd6 8.
Qh5 O-O 9. Nc3 g6 10. Qxd5 Bc6 11. Qc4 Nxc3 12. Qxc3 Bxh2+ 13. Kxh2 Qh4+ 14.
Kg1 Bxg2 15. Kxg2 Qg4+ 1/2-1/2

[Event "66. Offene Kölner Stadtmeisterschaft"]
[Site "Köln"]
[Date "2026.05.16"]
[Round "6.6"]
[White "Marcziter, Dmitrii"]
[Black "Karimi, Farhad"]
[Result "1/2-1/2"]
[WhiteElo "2174"]
[BlackElo "2045"]
[PlyCount "53"]
[WhiteTeam "SG Porz e. V."]
[BlackTeam "Klub Kölner SF e. V."]

1. d4 Nf6 2. c4 e6 3. a3 d5 4. Nc3 c6 5. Bg5 Be7 6. e3 O-O 7. cxd5 exd5 8. Qc2
Ne4 9. Bxe7 Qxe7 10. Bd3 Re8 11. Nf3 h6 12. O-O Nd7 13. Rae1 Nf8 14. Bxe4 dxe4
15. Nd2 f5 16. f3 exf3 17. Nxf3 Ng6 18. e4 f4 19. e5 Qf7 20. Ne4 Bf5 21. Qe2
Rad8 22. Qf2 Qd5 23. Nd6 Bd3 24. Nxe8 Rxe8 25. Rd1 Bxf1 26. Kxf1 Rd8 27. Qc2
1/2-1/2

[Event "66. Offene Kölner Stadtmeisterschaft"]
[Site "Köln"]
[Date "2026.05.16"]
[Round "6.7"]
[White "Quinones-Maletti, Julio Guillermo"]
[Black "Koehler, Ronald"]
[Result "1/2-1/2"]
[WhiteElo "2058"]
[BlackElo "2151"]
[PlyCount "29"]
[WhiteTeam "SG Porz e. V."]
[BlackTeam "Kölner SK Dr. Lasker 186"]

1. c4 c6 2. d4 d5 3. cxd5 cxd5 4. Nc3 Nf6 5. Bf4 Nc6 6. e3 a6 7. Be2 Bf5 8. g4
Be4 9. f3 Bg6 10. h4 h6 11. Qb3 Na5 12. Qa4+ Nc6 13. Qb3 Na5 14. Qa4+ Nc6 15.
Qb3 1/2-1/2

[Event "66. Offene Kölner Stadtmeisterschaft"]
[Site "Köln"]
[Date "2026.05.16"]
[Round "6.8"]
[White "Pieper, Dawid"]
[Black "Van den Bosch, Arno"]
[Result "1-0"]
[WhiteElo "2119"]
[BlackElo "2006"]
[PlyCount "47"]
[WhiteTeam "Bergische SF Bergisch"]

1. e4 c5 2. Nf3 Nc6 3. Bb5 g6 4. O-O Bg7 5. Nc3 Nd4 6. Ba4 a6 7. Nxd4 cxd4 8.
Ne2 e6 9. d3 Ne7 10. f3 O-O 11. Qe1 d5 12. Qh4 Bd7 13. Bb3 dxe4 14. fxe4 Nc6
15. Bg5 f6 16. Bh6 Qe7 17. Rf2 Be8 18. Raf1 Rd8 19. a3 Ne5 20. Bd2 g5 21. Qh3
Nc6 22. Qxe6+ Qxe6 23. Bxe6+ Kh8 24. Bxg5 1-0

[Event "66. Offene Kölner Stadtmeisterschaft"]
[Site "Köln"]
[Date "2026.05.16"]
[Round "6.9"]
[White "Stillger, Bernhard"]
[Black "Xue, Luka"]
[Result "1-0"]
[WhiteElo "2245"]
[BlackElo "2029"]
[PlyCount "67"]
[WhiteTeam "SV Mülheim-Nord 1931 e"]
[BlackTeam "Düsseldorfer SK 14/25 e."]

1. Nf3 d5 2. g3 Nf6 3. Bg2 e6 4. O-O c5 5. c4 Nc6 6. cxd5 exd5 7. d4 Be6 8. Nc3
h6 9. b3 Rc8 10. Bb2 cxd4 11. Nb5 Be7 12. Nbxd4 Bg4 13. h3 Bd7 14. Qb1 O-O 15.
Nf5 Bxf5 16. Qxf5 Qd7 17. Qxd7 Nxd7 18. Rad1 Nb4 19. a3 Rc2 20. Bxg7 Kxg7 21.
axb4 Rxe2 22. Nd4 Rb2 23. Nf5+ Kf6 24. Nxe7 Kxe7 25. Rfe1+ Kf6 26. Rxd5 Nb8 27.
Rd3 Na6 28. Re4 b6 29. Rf3+ Kg7 30. Rg4+ Kh7 31. Rf6 Rb1+ 32. Kh2 Rxb3 33. Be4+
Kh8 34. Rxh6# 1-0

[Event "66. Offene Kölner Stadtmeisterschaft"]
[Site "Köln"]
[Date "2026.05.16"]
[Round "6.10"]
[White "Geschke, David"]
[Black "Vlasov, Igor"]
[Result "0-1"]
[WhiteElo "1928"]
[BlackElo "2215"]
[PlyCount "106"]
[WhiteTeam "SG Porz e. V."]
[BlackTeam "Brühler SK 1920 e. V."]

1. d4 Nf6 2. c4 e6 3. Nf3 d5 4. Nc3 Be7 5. Bf4 O-O 6. e3 c5 7. Be2 cxd4 8. exd4
dxc4 9. Bxc4 Nd5 10. Nxd5 exd5 11. Bb3 Bb4+ 12. Nd2 Nc6 13. Be3 Qf6 14. O-O
Nxd4 15. Bxd5 Nf5 16. Nc4 Be6 17. Bxe6 Qxe6 18. Qb3 Nxe3 19. Nxe3 Qxb3 20. axb3
Rfd8 21. Rfd1 a6 22. Nd5 Bf8 23. Rd3 Rd6 24. Rad1 Rad8 25. Kf1 f5 26. Ke2 Kf7
27. Ke3 g6 28. f4 Bg7 29. Nc3 Ke6 30. b4 Bxc3 31. bxc3 Rxd3+ 32. Rxd3 Rxd3+ 33.
Kxd3 b6 34. Kc4 Kd6 35. Kb3 Kd5 36. g3 h6 37. h3 Ke4 38. Kc4 b5+ 39. Kc5 Kd3
40. Kd6 Kxc3 41. g4 Kxb4 42. Ke6 a5 43. Kf6 a4 44. Kxg6 fxg4 45. hxg4 a3 46.
Kxh6 a2 47. g5 a1=Q 48. f5 Qh8+ 49. Kg6 Qg8+ 50. Kh6 Kc5 51. g6 Kd6 52. f6 Ke6
53. f7 Qh8+ 0-1

[Event "66. Offene Kölner Stadtmeisterschaft"]
[Site "Köln"]
[Date "2026.05.17"]
[Round "7.1"]
[White "Riemland, Arnold"]
[Black "Menzel, Maximilian"]
[Result "0-1"]
[WhiteElo "2145"]
[BlackElo "2150"]
[PlyCount "162"]
[WhiteTeam "SG Kalker/Deutze"]
[BlackTeam "SG Porz e. V."]

1. d4 Nf6 2. Bf4 d5 3. e3 c5 4. c3 Nc6 5. Nf3 Qb6 6. Qb3 c4 7. Qxb6 axb6 8. Na3
Bf5 9. Nh4 Bd7 10. h3 h6 11. Bh2 g5 12. Nf3 Bf5 13. Nd2 Ra5 14. Kd1 b5 15. Bc7
Rxa3 16. bxa3 e6 17. f3 Bxa3 18. e4 dxe4 19. Be5 Nxe5 20. dxe5 e3 21. exf6 exd2
22. Kxd2 O-O 23. Rd1 Bb2 24. Be2 b4 25. cxb4 c3+ 26. Ke3 c2 27. Rc1 Rd8 28. f4
gxf4+ 29. Kxf4 Bxc1+ 30. Rxc1 Rd4+ 31. Ke3 Re4+ 32. Kd2 Rxb4 33. g4 Bg6 34. h4
Rf4 35. h5 Bh7 36. Rf1 Ra4 37. Rf3 Rxa2 38. Rc3 Ra8 39. Rc4 Kf8 40. Bf3 Rd8+
41. Kc1 b5 42. Rb4 Bd3 43. Be4 Bxe4 44. Rxe4 Rd1+ 45. Kxc2 Rf1 46. Re5 Rxf6 47.
Rxb5 Rf4 48. g5 hxg5 49. Rxg5 Rh4 50. Kd3 Ke7 51. Ke3 Kf6 52. Ra5 e5 53. Ra6+
Kg5 54. Ra8 Kxh5 55. Rg8 Rg4 56. Rh8+ Kg6 57. Kf3 Rf4+ 58. Ke3 f6 59. Rh1 Kf5
60. Rh5+ Ke6 61. Rh8 Ra4 62. Rh5 Ra3+ 63. Ke2 f5 64. Rh8 Kd5 65. Rb8 Rc3 66.
Kd2 Rc4 67. Kd3 Rd4+ 68. Ke3 f4+ 69. Kf3 Rd3+ 70. Ke2 Ke4 71. Rb4+ Rd4 72. Rb2
f3+ 73. Kf2 Kf4 74. Rb8 Rd2+ 75. Ke1 Re2+ 76. Kf1 e4 77. Kg1 Ra2 78. Rb4 Kg3
79. Rb1 e3 80. Kh1 Rh2+ 81. Kg1 f2+ 0-1

[Event "66. Offene Kölner Stadtmeisterschaft"]
[Site "Köln"]
[Date "2026.05.17"]
[Round "7.2"]
[White "Wiekert, Martin"]
[Black "Grabowski, Pawel"]
[Result "0-1"]
[WhiteElo "2136"]
[BlackElo "2255"]
[PlyCount "62"]
[WhiteTeam "Kölner SK Dr. Lasker 186"]
[BlackTeam "SC Remagen-Sinzig e.V."]

1. d4 Nf6 2. Nf3 e6 3. Bf4 b6 4. e3 Bb7 5. Bd3 g6 6. O-O Bg7 7. c4 O-O 8. Nc3
d6 9. e4 Nfd7 10. Qd2 Nc6 11. Bg5 f6 12. Be3 Qe7 13. Rfe1 Nd8 14. b4 Nf7 15.
Rac1 f5 16. d5 Nde5 17. Nxe5 dxe5 18. f3 fxe4 19. Bxe4 Rad8 20. Qb2 Nd6 21. Qb3
Nf5 22. Bf2 Nd4 23. Qa4 a5 24. dxe6 Bxe4 25. Nxe4 axb4 26. c5 Bh6 27. Be3 Bxe3+
28. Rxe3 Qxe6 29. Qxb4 Qxa2 30. Ra3 Ne2+ 31. Kf2 Nxc1+ (31... Nxc1+ 32. Rxa2
Nd3+ 33. Ke3 Nxb4) 0-1

[Event "66. Offene Kölner Stadtmeisterschaft"]
[Site "Köln"]
[Date "2026.05.17"]
[Round "7.3"]
[White "Gramb, Marius"]
[Black "Pieper, Dawid"]
[Result "1-0"]
[WhiteElo "2223"]
[BlackElo "2119"]
[PlyCount "113"]
[WhiteTeam "Brühler SK 1920 e. V."]
[BlackTeam "Bergische SF Bergisch"]

1. e4 c5 2. Nf3 Nc6 3. Bb5 g6 4. O-O Bg7 5. c3 Nf6 6. Re1 O-O 7. d4 cxd4 8.
cxd4 d5 9. e5 Ne4 10. Bxc6 bxc6 11. Be3 f6 12. Qc1 Qb6 13. Nc3 Nxc3 14. Qxc3 a5
15. Rac1 Bd7 16. Bf4 fxe5 17. Bxe5 Bh6 18. Rc2 Qb4 19. Bg3 Bg7 20. a3 Qxc3 21.
Rxc3 Bf6 22. b3 Ra6 23. h3 Kf7 24. Be5 Rc8 25. g4 h6 26. Kg2 Rca8 27. Kg3 g5
28. Re2 Rb6 29. Rd3 Re8 30. Bc7 Ra6 31. Rc3 Rc8 32. Be5 Rb6 33. Ne1 Bxe5+ 34.
Rxe5 Rcb8 35. Ree3 e5 36. dxe5 d4 37. Rf3+ Ke6 38. Rc5 Rxb3 39. Rxa5 Rxf3+ 40.
Kxf3 Rb3+ 41. Ke4 Be8 42. Kxd4 c5+ 43. Kxc5 Rxh3 44. Kd4 Rh4 45. Ra6+ Ke7 46.
f3 h5 47. Ng2 Rh2 48. Ne3 h4 49. Nd5+ Kf8 50. Nf6 Rd2+ 51. Ke3 Rd3+ 52. Kxd3
Bb5+ 53. Ke3 Bxa6 54. Nh7+ Kg7 55. Nxg5 Bf1 56. Kf2 Bb5 57. Kg2 1-0

[Event "66. Offene Kölner Stadtmeisterschaft"]
[Site "Köln"]
[Date "2026.05.17"]
[Round "7.4"]
[White "Stillger, Bernhard"]
[Black "Arts, Stefan"]
[Result "1/2-1/2"]
[WhiteElo "2245"]
[BlackElo "2099"]
[PlyCount "62"]
[WhiteTeam "SV Mülheim-Nord 1931 e"]
[BlackTeam "Uedemer SC 1948 e. V."]

1. d4 d5 2. c4 e6 3. Nf3 Nf6 4. g3 Ne4 5. Bg2 Bb4+ 6. Nbd2 f5 7. O-O O-O 8. Ne5
c6 9. Ndf3 Nd7 10. Nd3 Be7 11. Qc2 Ndf6 12. Nfe5 Bd7 13. b3 Nd6 14. a4 Be8 15.
a5 Nf7 16. a6 b6 17. cxd5 cxd5 18. Nc6 Bxc6 19. Qxc6 Qd7 20. Qxd7 Nxd7 21. Nf4
Nd8 22. Nxd5 exd5 23. Bxd5+ Nf7 24. Bxa8 Rxa8 25. Ba3 Bxa3 26. Rxa3 Rc8 27.
Raa1 Nd6 28. Rfc1 Rxc1+ 29. Rxc1 Nb5 30. e3 Kf7 31. Rc8 Ke7 1/2-1/2

[Event "66. Offene Kölner Stadtmeisterschaft"]
[Site "Köln"]
[Date "2026.05.17"]
[Round "7.5"]
[White "Vlasov, Igor"]
[Black "Riabtsev, Ivan"]
[Result "1-0"]
[WhiteElo "2215"]
[BlackElo "2084"]
[PlyCount "77"]
[WhiteTeam "Brühler SK 1920 e. V."]

1. Nf3 Nf6 2. b3 d5 3. Bb2 Bf5 4. d3 c6 5. Nbd2 Nbd7 6. g3 h6 7. Bg2 e6 8. O-O
Be7 9. e4 dxe4 10. dxe4 Bh7 11. Qe2 O-O 12. Ne5 Nxe5 13. Bxe5 Nd7 14. Bb2 Qc7
15. Rad1 Rfd8 16. Nc4 b5 17. Ne3 Nf6 18. Ng4 Nxg4 19. Qxg4 Bf8 20. h4 Rxd1 21.
Rxd1 Rd8 22. a3 Rd7 23. Qe2 Qd8 24. Rxd7 Qxd7 25. b4 c5 26. c3 Be7 27. Kh2 a6
28. Bc1 c4 29. e5 f6 30. Qf3 fxe5 31. Qa8+ Kf7 32. Bc6 Qd1 33. Qe8+ Kf6 34.
Bg5+ hxg5 35. hxg5+ Kf5 36. Qxe7 e4 37. Qf7+ Kg4 38. Qf4+ Kh5 39. Be8+ 1-0

[Event "66. Offene Kölner Stadtmeisterschaft"]
[Site "Köln"]
[Date "2026.05.17"]
[Round "7.6"]
[White "Marcziter, Alex"]
[Black "Nagel, Bernhard"]
[Result "1/2-1/2"]
[WhiteElo "2066"]
[BlackElo "2180"]
[PlyCount "44"]
[WhiteTeam "SG Porz e. V."]
[BlackTeam "Kölner SK Dr. Lasker 186"]

1. e4 e5 2. Nf3 Nc6 3. Bb5 a6 4. Ba4 Nf6 5. O-O Be7 6. Re1 b5 7. Bb3 d6 8. c3
O-O 9. h3 Na5 10. Bc2 c5 11. d4 Nd7 12. Nbd2 exd4 13. cxd4 Nc6 14. d5 Nce5 15.
Nxe5 Nxe5 16. f4 Ng6 17. Nf3 Bh4 18. Nxh4 Qxh4 19. Rf1 Bxh3 20. gxh3 Qg3+ 21.
Kh1 Qxh3+ 22. Kg1 Qg3+ 1/2-1/2

[Event "66. Offene Kölner Stadtmeisterschaft"]
[Site "Köln"]
[Date "2026.05.17"]
[Round "7.7"]
[White "Keller, Thomas"]
[Black "Quinones-Maletti, Julio Guillermo"]
[Result "1/2-1/2"]
[WhiteElo "2176"]
[BlackElo "2058"]
[PlyCount "51"]
[WhiteTeam "Brühler SK 1920 e. V."]
[BlackTeam "SG Porz e. V."]

1. d4 Nf6 2. c4 e6 3. g3 c5 4. d5 exd5 5. cxd5 b5 6. e4 Nxe4 7. Bg2 Nd6 8. Nf3
Qe7+ 9. Be3 Nc4 10. O-O Nxe3 11. fxe3 d6 12. e4 Bg4 13. e5 Nd7 14. exd6 Qe3+
15. Kh1 Kd8 16. a4 b4 17. Nbd2 Bxd6 18. Nc4 Qh6 19. Qd2 Qxd2 20. Nfxd2 Be5 21.
Rxf7 Bf6 22. Ne4 Bh5 23. Rxd7+ Kxd7 24. Nxc5+ Kd8 25. d6 Rc8 26. Na5 1/2-1/2

[Event "66. Offene Kölner Stadtmeisterschaft"]
[Site "Köln"]
[Date "2026.05.17"]
[Round "7.8"]
[White "Cramer, Volker"]
[Black "Marcziter, Dmitrii"]
[Result "0-1"]
[WhiteElo "2026"]
[BlackElo "2174"]
[PlyCount "58"]
[WhiteTeam "Kölner SK Dr. Lasker 186"]
[BlackTeam "SG Porz e. V."]

1. d4 d5 2. Nf3 c5 3. g3 Nc6 4. Bg2 Nf6 5. O-O e6 6. a3 cxd4 7. Nxd4 Bc5 8.
Nxc6 bxc6 9. c4 O-O 10. Qc2 Be7 11. Rd1 Ba6 12. c5 Qc7 13. b4 e5 14. Bb2 Bc8
15. Nd2 Be6 16. e4 a5 17. exd5 cxd5 18. Re1 Nd7 19. Rec1 Rab8 20. Qa4 Nxc5 21.
Bxe5 Qxe5 22. bxc5 Bxc5 23. Qxa5 Bb6 24. Qa6 Bxf2+ 25. Kxf2 Qd4+ 26. Ke1 Rb2
27. Qe2 Bg4 28. Qf2 Qd3 29. Qe2 Qxe2# 0-1

[Event "66. Offene Kölner Stadtmeisterschaft"]
[Site "Köln"]
[Date "2026.05.17"]
[Round "7.9"]
[White "Koehler, Ronald"]
[Black "Wambecq, Ward"]
[Result "1/2-1/2"]
[WhiteElo "2151"]
[BlackElo "2076"]
[PlyCount "41"]
[WhiteTeam "Kölner SK Dr. Lasker 186"]

1. d4 Nf6 2. c4 e6 3. Nf3 d5 4. Nc3 a6 5. cxd5 exd5 6. Bg5 Be6 7. Bxf6 Qxf6 8.
Qb3 Ra7 9. h4 Bd6 10. e3 Nd7 11. Ng5 c6 12. Bd3 Bf5 13. Bxf5 Qxf5 14. e4 dxe4
15. Ncxe4 Be7 16. Rh3 Qa5+ 17. Kf1 Qb5+ 18. Qxb5 axb5 19. Re3 O-O 20. Ng3 Bf6
21. Nf3 1/2-1/2

[Event "66. Offene Kölner Stadtmeisterschaft"]
[Site "Köln"]
[Date "2026.05.17"]
[Round "7.10"]
[White "Karimi, Farhad"]
[Black "Guelsen, Taylan"]
[Result "1-0"]
[WhiteElo "2045"]
[BlackElo "2088"]
[PlyCount "77"]
[WhiteTeam "Klub Kölner SF e. V."]

1. d4 d5 2. c4 e6 3. Nc3 Nf6 4. Bg5 Nbd7 5. e3 c6 6. cxd5 exd5 7. Bd3 h6 8. Bh4
Bd6 9. Qc2 O-O 10. Nge2 Qc7 11. Bg3 a6 12. b4 Re8 13. O-O Ng4 14. Nxd5 Qb8 15.
Ndf4 Bxb4 16. Bh7+ Kh8 17. Ng6+ fxg6 18. Bxb8 Kxh7 19. Bg3 Ngf6 20. Nf4 Nf8 21.
Qb3 a5 22. a3 Be7 23. f3 a4 24. Qc2 Rd8 25. h4 Nd5 26. Nxg6 Nxg6 27. h5 Nxe3
28. Qxg6+ Kg8 29. Be5 Bf8 30. Rfe1 Bf5 31. Qg3 Nc2 32. Bxg7 Nxe1 33. Rxe1 Rd5
34. Bxh6+ Kh8 35. Bxf8 Rxf8 36. Re7 Rg8 37. Qf4 Bh7 38. Qf6+ Rg7 39. Qxg7# 1-0